[Event "Portugal Open 2020"]
[Site "Lisboa POR"]
[Date "2020.01.26"]
[Round "3.26"]
[White "Maric, Boris"]
[Black "Lekic, Dusan"]
[Result "0-1"]
[WhiteElo "2034"]
[BlackElo "2343"]
[WhiteFideId "16211367"]
[BlackFideId "905330"]
[BlackTitle "IM"]
[WhiteCountry "GER"]
[BlackCountry "MNE"]
[PlyCount "32"]
[EventDate "2020.??.??"]

1. d4 Nf6 2. c4 e6 3. Nf3 d5 4. Nc3 c6 5. Bg5 h6 6. Bh4 dxc4 7. e4 g5 8. Bg3 b5
9. e5 Nd5 10. a4 Bb4 11. Qc2 Qa5 12. Rc1 Qxa4 13. Qxa4 bxa4 14. Nd2 a3 15. Ndb1
a2 16. Nd2 Nxc3 0-1

[Event "Portugal Open 2020"]
[Site "Lisboa POR"]
[Date "2020.01.26"]
[Round "3.27"]
[White "Martins, Diogo"]
[Black "Napoli, Nicolo"]
[Result "0-1"]
[WhiteElo "1998"]
[BlackElo "2333"]
[WhiteFideId "1926934"]
[BlackFideId "813702"]
[BlackTitle "FM"]
[WhiteCountry "POR"]
[BlackCountry "ITA"]
[PlyCount "92"]
[EventDate "2020.??.??"]

1. e4 e6 2. d4 d5 3. exd5 exd5 4. Nf3 Bd6 5. Bd3 Ne7 6. c4 dxc4 7. Bxc4 O-O 8.
O-O Nbc6 9. h3 Bf5 10. Nc3 Bg6 11. Re1 Bh5 12. g4 Bg6 13. Bg5 Kh8 14. Ne5 f6 15.
Nxg6+ Nxg6 16. Be3 f5 17. gxf5 Nh4 18. Qg4 Rxf5 19. Bd3 h5 20. Qe4 Nb4 21. Be2
Qf6 22. Kh1 Rf8 23. a3 Nc6 24. Bd3 Qd8 25. Rg1 Re8 26. Bg5 Rxe4 27. Bxd8 Rxf2
28. Rgf1 Rh2+ 29. Kg1 Rg2+ 30. Kh1 Rxd4 31. Bxh4 Rh2+ 32. Kg1 Rxd3 33. Ne4 Rdxh3
34. Bf2 Ne5 35. Bg3 Re2 36. Rae1 Rxe4 37. Rxe4 Rxg3+ 38. Kh1 Ng4 39. Rf5 Rh3+
40. Kg1 Kh7 41. b4 Kg6 42. Ra5 a6 43. a4 Rg3+ 44. Kf1 h4 45. b5 h3 46. bxa6 h2
0-1

[Event "Portugal Open 2020"]
[Site "Lisboa POR"]
[Date "2020.01.26"]
[Round "3.29"]
[White "Moretti, Filippo"]
[Black "Corbalán Gómez, Juan José"]
[Result "1/2-1/2"]
[WhiteElo "1969"]
[BlackElo "2243"]
[WhiteFideId "2805001"]
[BlackFideId "2260492"]
[WhiteCountry "ITA"]
[BlackCountry "ESP"]
[PlyCount "145"]
[EventDate "2020.??.??"]

1. e4 c5 2. c3 Nf6 3. e5 Nd5 4. d4 cxd4 5. Nf3 Nc6 6. cxd4 d6 7. Bc4 Nb6 8. Bb5
dxe5 9. Nxe5 Bd7 10. Nxd7 Qxd7 11. Nc3 e6 12. O-O a6 13. Bxc6 Qxc6 14. Be3 Be7
15. Rc1 O-O 16. Qg4 f5 17. Qe2 Rac8 18. Rfd1 Qd7 19. Qf3 Rfd8 20. d5 Nxd5 21.
Nxd5 exd5 22. Rxc8 Rxc8 23. Rxd5 Qe6 24. Qd1 Bf6 25. g3 h6 26. Qb3 Kh7 27. Qxb7
Rc2 28. Qd7 Qxd7 29. Rxd7 Rxb2 30. Rd2 Rb1+ 31. Kg2 Rb5 32. Rc2 Rb1 33. Rc5 Rb2
34. Ra5 Kg6 35. Rxa6 Kf7 36. a4 Ra2 37. a5 Ra4 38. Ra8 Bd4 39. Bxd4 Rxd4 40. a6
Rd3 41. a7 Ra3 42. Kf1 Ra2 43. Ke1 Kg6 44. Kd1 Kg5 45. h3 Kg6 46. Kc1 Kf7 47.
Kb1 Ra6 48. Kb2 Kg6 49. Kb3 Kf7 50. Kb4 Ra1 51. Kb5 Kg6 52. Kb6 Rb1+ 53. Kc6 Ra1
54. f4 Rc1+ 55. Kd5 Ra1 56. g4 fxg4 57. hxg4 Ra5+ 58. Ke4 Ra4+ 59. Kf3 Ra3+ 60.
Ke4 Ra4+ 61. Kd5 Ra5+ 62. Kc6 Ra1 63. Kd6 Ra6+ 64. Ke7 Ra4 65. f5+ Kh7 66. f6
gxf6 67. Kxf6 Rf4+ 68. Ke6 Re4+ 69. Kf5 Ra4 70. Ke5 Ra5+ 71. Kf6 Ra6+ 72. Ke7
Kg7 73. Kd7 1/2-1/2

[Event "Portugal Open 2020"]
[Site "Lisboa POR"]
[Date "2020.01.26"]
[Round "3.30"]
[White "Guia, Artur"]
[Black "Palozza, Christian"]
[Result "0-1"]
[WhiteElo "1928"]
[BlackElo "2198"]
[WhiteFideId "1946781"]
[BlackFideId "895580"]
[BlackTitle "FM"]
[WhiteCountry "POR"]
[BlackCountry "ITA"]
[PlyCount "98"]
[EventDate "2020.??.??"]

1. e4 c6 2. d4 d5 3. Nd2 dxe4 4. Nxe4 Nf6 5. Nxf6+ exf6 6. Nf3 Bd6 7. Bd3 O-O 8.
O-O Bg4 9. h3 Be6 10. c3 Nd7 11. Be3 Re8 12. Qd2 a5 13. Bf4 Qc7 14. Bxd6 Qxd6
15. Rfe1 Red8 16. Qc2 Nf8 17. Bf5 Qd5 18. Bxe6 Nxe6 19. Qe4 Qc4 20. Qe2 Qd5 21.
Qe4 Qb5 22. Qe2 Qb6 23. Qc2 Rd7 24. Qb3 Qc7 25. a4 Rad8 26. Rad1 Rd5 27. Re4 Nc5
28. Qc2 Nxe4 29. Qxe4 R5d6 30. Re1 Re6 31. Qb1 Qd6 32. Nd2 Rde8 33. Rxe6 Qxe6
34. Qd1 Qe1+ 35. Qxe1 Rxe1+ 36. Kh2 Re2 37. Nc4 Rxf2 38. b3 Rc2 39. Nxa5 b6 40.
Nxc6 Rxc3 41. d5 Rxb3 42. d6 Rd3 43. Ne7+ Kf8 44. Nc8 Ke8 45. Nxb6 Rxd6 46. a5
Rd3 47. Nc4 Rc3 48. Nd6+ Kd7 49. Nb5 Rc5 0-1

[Event "Portugal Open 2020"]
[Site "Lisboa POR"]
[Date "2020.01.26"]
[Round "3.31"]
[White "Saltão, João"]
[Black "Krzywda, Andrzej"]
[Result "0-1"]
[WhiteElo "1912"]
[BlackElo "2178"]
[WhiteFideId "1907875"]
[BlackFideId "1114565"]
[BlackTitle "CM"]
[WhiteCountry "POR"]
[BlackCountry "POL"]
[PlyCount "100"]
[EventDate "2020.??.??"]

1. Nf3 Nf6 2. c4 g6 3. g3 Bg7 4. Bg2 O-O 5. Nc3 d6 6. O-O e5 7. d3 h6 8. Qc2 Re8
9. b4 c6 10. Bb2 d5 11. Rfd1 d4 12. Ne4 Nxe4 13. dxe4 Qe7 14. c5 Na6 15. a3 Bg4
16. h3 Bxf3 17. exf3 Rad8 18. Bf1 Nc7 19. a4 Ne6 20. a5 a6 21. Ra3 h5 22. Bc1 h4
23. Bc4 Bf6 24. Kg2 hxg3 25. fxg3 Kg7 26. Rh1 Rh8 27. Qb3 Nc7 28. Qd3 Nb5 29.
Bxb5 axb5 30. Bd2 Qe6 31. g4 Qe7 32. a6 bxa6 33. Rxa6 Ra8 34. Rha1 Rxa6 35. Rxa6
Bg5 36. f4 exf4 37. Qxd4+ Bf6 38. e5 f3+ 39. Kxf3 Bxe5 40. Qe4 Rxh3+ 41. Ke2
Rh2+ 42. Kd1 Qe6 43. Qf3 Qd7 44. Ra2 Qd4 45. g5 Rf2 46. Qh3 Rh2 47. Qf3 Qg1+ 48.
Kc2 Rh1 49. Kd3 Qd4+ 50. Kc2 Qc4+ 0-1

[Event "Portugal Open 2020"]
[Site "Lisboa POR"]
[Date "2020.01.26"]
[Round "3.32"]
[White "Gonçalves, Gabriel"]
[Black "Arizmendi Martínez, Julen Luis"]
[Result "0-1"]
[WhiteElo "1888"]
[BlackElo "2505"]
[WhiteFideId "1945610"]
[BlackFideId "2205092"]
[BlackTitle "GM"]
[WhiteCountry "POR"]
[BlackCountry "ESP"]
[PlyCount "64"]
[EventDate "2020.??.??"]

1. f4 d5 2. Nf3 g6 3. e3 Bg7 4. Be2 c5 5. O-O Nc6 6. Bb5 Qb6 7. a4 a6 8. Bxc6+
Qxc6 9. d3 b6 10. c3 Bf5 11. Re1 c4 12. dxc4 Qxc4 13. Nd4 Bxb1 14. Rxb1 Nf6 15.
Nf3 O-O 16. Ra1 Ne4 17. Nd2 Qc6 18. Nxe4 dxe4 19. Bd2 Rfd8 20. Qc2 Rd3 21. Rad1
Rad8 22. Bc1 Qd7 23. Rxd3 exd3 24. Qd2 Qxa4 25. e4 a5 26. Re3 Qb5 27. e5 e6 28.
Kf1 Bf8 29. Rh3 Qc4 30. Rf3 a4 31. g4 b5 32. f5 Qxg4 0-1

[Event "Portugal Open 2020"]
[Site "Lisboa POR"]
[Date "2020.01.26"]
[Round "3.33"]
[White "Stella, Andrea"]
[Black "Santos, Júlio"]
[Result "1-0"]
[WhiteElo "2465"]
[BlackElo "1880"]
[WhiteFideId "827061"]
[BlackFideId "1900650"]
[WhiteTitle "GM"]
[BlackTitle "NM"]
[WhiteCountry "ITA"]
[BlackCountry "POR"]
[PlyCount "30"]
[EventDate "2020.??.??"]

1. Nf3 d5 2. g3 g6 3. Bg2 Bg7 4. d4 Nf6 5. c4 c6 6. Qb3 Nbd7 7. cxd5 cxd5 8. Nc3
Qb6 9. Nxd5 Nxd5 10. Qxd5 Qb4+ 11. Bd2 Qxb2 12. O-O e6 13. Qd6 Qb6 14. Qa3 Bxd4
15. Nxd4 Qd8 1-0

[Event "Portugal Open 2020"]
[Site "Lisboa POR"]
[Date "2020.01.26"]
[Round "3.34"]
[White "Twardowski, Hubert"]
[Black "Löffner, Stefan"]
[Result "0-1"]
[WhiteElo "1875"]
[BlackElo "2376"]
[WhiteFideId "1190415"]
[BlackFideId "4603257"]
[BlackTitle "IM"]
[WhiteCountry "POL"]
[BlackCountry "GER"]
[PlyCount "100"]
[EventDate "2020.??.??"]

1. e4 c5 2. Nf3 Nc6 3. d4 cxd4 4. Nxd4 Qb6 5. Nb3 Nf6 6. Nc3 e6 7. Be3 Qc7 8. a3
a6 9. Be2 b5 10. O-O b4 11. axb4 Bxb4 12. Na4 Rb8 13. Bd3 d5 14. exd5 Nxd5 15.
Bc5 Ne5 16. f4 Nxf4 17. Be4 Nd7 18. Bxb4 Rxb4 19. Qf3 g5 20. Bc6 Bb7 21. Bxb7
Qxb7 22. Qxb7 Rxb7 23. Nc3 Rb6 24. Ra5 f5 25. Rfa1 Nb8 26. Na4 Rd6 27. Nac5 Kf7
28. Nxa6 Nc6 29. R5a4 Ne5 30. Nac5 Rhd8 31. Re1 Rd1 32. Ra1 Rxa1 33. Nxa1 Kf6
34. Nab3 g4 35. Kf2 Nc4 36. Rb1 e5 37. Ra1 Nxb2 38. Ra6+ Kf7 39. Rh6 Nd1+ 40.
Kg1 Ne3 41. Rxh7+ Kg6 42. Rd7 Ra8 43. Nd3 Nxd3 44. cxd3 Ra2 45. g3 Rg2+ 46. Kh1
Rb2 47. Nc1 Rf2 48. Ne2 Rxe2 49. Kg1 Rg2+ 50. Kh1 Rf2 0-1

[Event "Portugal Open 2020"]
[Site "Lisboa POR"]
[Date "2020.01.26"]
[Round "3.35"]
[White "Morais, Vítor"]
[Black "Baba, Masahiro"]
[Result "0-1"]
[WhiteElo "1864"]
[BlackElo "2274"]
[WhiteFideId "1900552"]
[BlackFideId "7000766"]
[WhiteTitle "NM"]
[BlackTitle "FM"]
[WhiteCountry "POR"]
[BlackCountry "JPN"]
[PlyCount "50"]
[EventDate "2020.??.??"]

1. c4 e5 2. Nc3 Nc6 3. g3 Bc5 4. Bg2 d6 5. e3 a6 6. Nge2 h5 7. h4 Nf6 8. d4 Ba7
9. b3 Bg4 10. Qd2 O-O 11. d5 Ne7 12. Bb2 Rb8 13. O-O Qd7 14. Rae1 Bh3 15. Nc1 b5
16. cxb5 axb5 17. e4 Nh7 18. Kh2 Bxg2 19. Kxg2 b4 20. Nd1 f5 21. f4 Nf6 22. exf5
Nxf5 23. fxe5 Nxh4+ 24. gxh4 Qg4+ 25. Kh1 Ne4 0-1

[Event "Portugal Open 2020"]
[Site "Lisboa POR"]
[Date "2020.01.26"]
[Round "3.36"]
[White "Rodriguez Lopez, Rafael"]
[Black "Pipiras, Filipa"]
[Result "1-0"]
[WhiteElo "2212"]
[BlackElo "1876"]
[WhiteFideId "2204495"]
[BlackFideId "1944894"]
[WhiteTitle "IM"]
[WhiteCountry "ESP"]
[BlackCountry "POR"]
[PlyCount "119"]
[EventDate "2020.??.??"]

1. e4 e5 2. Nf3 Nc6 3. Bb5 a6 4. Ba4 Nf6 5. O-O Be7 6. Re1 b5 7. Bb3 O-O 8. h3
d6 9. c3 Bb7 10. d4 Re8 11. Nbd2 h6 12. Nf1 Bf8 13. Ng3 g6 14. a4 Na5 15. Bc2 b4
16. cxb4 Nc6 17. dxe5 dxe5 18. Qxd8 Rexd8 19. Bd2 Nxb4 20. Bxb4 Bxb4 21. Red1
Rxd1+ 22. Rxd1 Re8 23. Ne1 Bxe1 24. Rxe1 Rd8 25. Re3 Rd6 26. Rc3 Rc6 27. Rxc6
Bxc6 28. f3 Nd7 29. b4 Nb6 30. a5 Nd7 31. Bd3 Bb7 32. Ne2 Kf8 33. Nc3 Ke7 34.
Bc4 c5 35. bxc5 Nxc5 36. Kf2 Bc6 37. Nd5+ Kf8 38. Nb4 Bb7 39. Ke3 Ke7 40. h4 Kf8
41. g4 g5 42. h5 Ke7 43. Kd2 f6 44. Kc3 Kd6 45. Nc2 Bc8 46. Ne3 Kc6 47. Nd5 Nd7
48. Nb4+ Kd6 49. Bxa6 Bxa6 50. Nxa6 Kc6 51. Kb4 Nf8 52. Nc5 Kc7 53. Kb5 Kb8 54.
Kc6 Kc8 55. Kd6 Nh7 56. Ke7 Kc7 57. Kf7 Kc6 58. a6 Kb6 59. Kg7 Ka7 60. Kxh7 1-0

[Event "Portugal Open 2020"]
[Site "Lisboa POR"]
[Date "2020.01.26"]
[Round "3.37"]
[White "Silva, Tiago Alexandre"]
[Black "Santos, José Gulherme"]
[Result "0-1"]
[WhiteElo "1855"]
[BlackElo "2211"]
[WhiteFideId "1935321"]
[BlackFideId "1939300"]
[BlackTitle "NM"]
[WhiteCountry "POR"]
[BlackCountry "POR"]
[PlyCount "58"]
[EventDate "2020.??.??"]

1. e4 c5 2. c4 Nc6 3. Nc3 g6 4. g3 Bg7 5. Bg2 e6 6. Nge2 Nge7 7. a3 O-O 8. d3 b6
9. Rb1 Bb7 10. O-O d6 11. b4 Qd7 12. h4 Nd4 13. Nf4 cxb4 14. axb4 b5 15. Nce2
Rac8 16. Nxd4 Bxd4 17. cxb5 Qxb5 18. Bh3 d5 19. Nxe6 fxe6 20. Bh6 Rf6 21. Bg5
Rcf8 22. Bxf6 Rxf6 23. Kh2 e5 24. f4 dxe4 25. fxe5 Qxe5 26. Rxf6 Qxf6 27. Qf1 e3
28. Qxf6 Bxf6 29. Be6+ Kg7 0-1

[Event "Portugal Open 2020"]
[Site "Lisboa POR"]
[Date "2020.01.26"]
[Round "3.38"]
[White "Rego, Pedro"]
[Black "Hendrix, Joachim"]
[Result "0-1"]
[WhiteElo "2208"]
[BlackElo "1868"]
[WhiteFideId "1904310"]
[BlackFideId "12958557"]
[WhiteTitle "FM"]
[WhiteCountry "POR"]
[BlackCountry "GER"]
[PlyCount "78"]
[EventDate "2020.??.??"]

1. Nf3 g6 2. d4 Bg7 3. e4 d6 4. c3 Nf6 5. Bd3 O-O 6. O-O Nc6 7. Qe2 e5 8. h3 h6
9. dxe5 Nxe5 10. Nxe5 dxe5 11. Bc4 Nh5 12. Be3 Nf4 13. Qf3 Ne6 14. Nd2 a5 15.
Nb3 Qe7 16. a4 Kh7 17. Qe2 b6 18. Rfd1 Ng5 19. Bd5 Ba6 20. Qg4 Rae8 21. h4 Bc8
22. Qg3 Ne6 23. h5 gxh5 24. Bc6 Nf4 25. Bxf4 exf4 26. Qxf4 Be5 27. Qe3 Qh4 28.
Bxe8 Qh2+ 29. Kf1 Bf4 30. Qd4 Rxe8 31. Rd3 Qh1+ 32. Ke2 Qxg2 33. Re3 Bg4+ 34.
Kd3 Qxf2 35. Rae1 Bg5 36. Qc4 Bxe3 37. Qxc7 Rd8+ 38. Qxd8 Qxe1 39. Qe7 Qe2# 0-1

[Event "Portugal Open 2020"]
[Site "Lisboa POR"]
[Date "2020.01.26"]
[Round "3.39"]
[White "Elias, Rúben"]
[Black "Poysti, Nathanael"]
[Result "0-1"]
[WhiteElo "1837"]
[BlackElo "2203"]
[WhiteFideId "1906453"]
[BlackFideId "24622133"]
[WhiteCountry "POR"]
[BlackCountry "GER"]
[PlyCount "78"]
[EventDate "2020.??.??"]

1. e4 c5 2. Nf3 d6 3. d4 cxd4 4. Nxd4 Nf6 5. Nc3 a6 6. Be2 e5 7. Nb3 Be7 8. O-O
O-O 9. Be3 Be6 10. Qd2 Nbd7 11. a4 Rc8 12. f3 h5 13. Rfd1 Qc7 14. Qe1 Rfd8 15.
Qg3 Nf8 16. a5 Qc6 17. Bb6 Re8 18. Kh1 Ng6 19. Nc1 d5 20. exd5 Nxd5 21. Nxd5
Bxd5 22. Qe1 h4 23. Qd2 Be6 24. Bd3 f5 25. Ne2 h3 26. Ng3 hxg2+ 27. Qxg2 Nh4 28.
Qf2 g6 29. Rf1 Bd5 30. Be2 Qxc2 31. Rac1 Qb3 32. Rxc8 Rxc8 33. Bd1 Qb4 34. Re1
Rc1 35. Rg1 Rxd1 36. Rxd1 Bxf3+ 37. Kg1 Bxd1 38. Nf1 Qg4+ 39. Ng3 f4 0-1

[Event "Portugal Open 2020"]
[Site "Lisboa POR"]
[Date "2020.01.26"]
[Round "3.40"]
[White "Jaracz, Barbara"]
[Black "Van Ginkel, Henk"]
[Result "1-0"]
[WhiteElo "2200"]
[BlackElo "1855"]
[WhiteFideId "1107453"]
[BlackFideId "1036394"]
[WhiteTitle "WGM"]
[WhiteCountry "POL"]
[BlackCountry "NED"]
[PlyCount "95"]
[EventDate "2020.??.??"]

1. e4 d6 2. d4 Nf6 3. Nc3 g6 4. Nf3 Bg7 5. Bc4 Nxe4 6. Nxe4 d5 7. Bd3 dxe4 8.
Bxe4 c6 9. c3 O-O 10. h3 Qc7 11. Be3 Nd7 12. O-O Nf6 13. Bc2 Nd5 14. Bg5 Be6 15.
Qd2 Rad8 16. Rad1 b5 17. Rfe1 Rfe8 18. Bh6 Qc8 19. Bxg7 Kxg7 20. b3 Bf5 21. c4
Nf6 22. Ne5 Bxc2 23. Qxc2 b4 24. Qe2 Nd7 25. d5 Nxe5 26. Qxe5+ f6 27. Qe4 c5 28.
Qf4 Qa6 29. Qc7 Qd6 30. Qxa7 Ra8 31. Qb7 Rxa2 32. g3 Kf7 33. Re6 Rb8 34. Rxe7+
Qxe7 35. Qxb8 Re2 36. d6 Re1+ 37. Rxe1 Qxe1+ 38. Kg2 Qe4+ 39. Kh2 Qd4 40. Qc7+
Kg8 41. Kg1 Qe5 42. Qc8+ Kf7 43. d7 Qe1+ 44. Kg2 Qe4+ 45. Kh2 Qf5 46. Qe8+ Kg7
47. Qe7+ Kh6 48. Qe3+ 1-0

[Event "Portugal Open 2020"]
[Site "Lisboa POR"]
[Date "2020.01.26"]
[Round "3.41"]
[White "Pourquet, Matthieu"]
[Black "Tieres, Cristiano"]
[Result "0-1"]
[WhiteElo "2198"]
[BlackElo "1852"]
[WhiteFideId "20654642"]
[BlackFideId "1924931"]
[WhiteCountry "FRA"]
[BlackCountry "POR"]
[PlyCount "78"]
[EventDate "2020.??.??"]

1. Nf3 Nf6 2. c4 g6 3. g3 Bg7 4. Bg2 O-O 5. d4 d6 6. O-O a6 7. Nc3 Nc6 8. Bf4
Rb8 9. Rc1 Bd7 10. a3 b5 11. cxb5 axb5 12. b4 Na7 13. e4 Bg4 14. h3 Bxf3 15.
Qxf3 Nd7 16. Rfd1 Nb6 17. Qe2 Qd7 18. h4 e6 19. h5 Rfc8 20. Bh3 f5 21. h6 Bf6
22. e5 Bh8 23. g4 Re8 24. Kh2 Qe7 25. Rg1 Kf7 26. Qf3 Rg8 27. gxf5 exf5 28. exd6
cxd6 29. Rge1 Qb7 30. Qe2 Rge8 31. Qa2+ Nc4 32. Bg2 Qb6 33. Nxb5 Nxb5 34. Qxc4+
Kf6 35. a4 g5 36. Bxg5+ Kxg5 37. Rxe8 Rxe8 38. Qf7 Qxd4 39. Rc4 Qxf2 0-1

[Event "Portugal Open 2020"]
[Site "Lisboa POR"]
[Date "2020.01.26"]
[Round "3.42"]
[White "Bártolo, Filipe"]
[Black "Hulshof, Peter"]
[Result "0-1"]
[WhiteElo "1819"]
[BlackElo "2192"]
[WhiteFideId "1942565"]
[BlackFideId "1003291"]
[WhiteCountry "POR"]
[BlackCountry "NED"]
[PlyCount "56"]
[EventDate "2020.??.??"]

1. g3 g6 2. Bg2 Bg7 3. e4 d6 4. d3 c5 5. Nd2 Nc6 6. c3 Nf6 7. Ngf3 Qc7 8. O-O
O-O 9. h4 Rb8 10. Nh2 b5 11. f4 b4 12. c4 Nh5 13. Rf3 Nd4 14. Re3 f5 15. Ndf1 e5
16. exf5 Nxf5 17. Bd5+ Kh8 18. Rf3 Nd4 19. Rf2 exf4 20. Bxf4 Nxf4 21. Rxf4 Rxf4
22. gxf4 Bb7 23. Nf3 Bxd5 24. cxd5 Qf7 25. N1h2 Qxf4 26. Qf1 Rf8 27. Kg2 Nxf3
28. Qxf3 Qxh2+ 0-1

[Event "Portugal Open 2020"]
[Site "Lisboa POR"]
[Date "2020.01.26"]
[Round "3.43"]
[White "Reis, Luís Sousa"]
[Black "Taylor, Robert Graham"]
[Result "1-0"]
[WhiteElo "2187"]
[BlackElo "1844"]
[WhiteFideId "1900609"]
[BlackFideId "1800841"]
[WhiteTitle "NM"]
[WhiteCountry "POR"]
[BlackCountry "WLS"]
[PlyCount "43"]
[EventDate "2020.??.??"]

1. e4 Nf6 2. e5 Nd5 3. Nc3 Nb6 4. d4 d6 5. f4 e6 6. Nf3 N8d7 7. a4 a5 8. Bd3 Nd5
9. Nxd5 exd5 10. Ng5 Nb6 11. O-O Be7 12. Nxh7 Rxh7 13. Bxh7 g6 14. f5 Bxf5 15.
Rxf5 gxf5 16. Qh5 dxe5 17. dxe5 Bc5+ 18. Kf1 Nc4 19. e6 Ne5 20. Bf4 Qe7 21. Bxe5
O-O-O 22. Qxf7 1-0

[Event "Portugal Open 2020"]
[Site "Lisboa POR"]
[Date "2020.01.26"]
[Round "3.44"]
[White "Pina, Tiago"]
[Black "Costa, Paulo"]
[Result "0-1"]
[WhiteElo "1816"]
[BlackElo "2179"]
[WhiteFideId "1950673"]
[BlackFideId "1900900"]
[BlackTitle "NM"]
[WhiteCountry "POR"]
[BlackCountry "POR"]
[PlyCount "54"]
[EventDate "2020.??.??"]

1. e4 c5 2. Nf3 e6 3. d4 cxd4 4. Nxd4 a6 5. c4 Nf6 6. Nc3 Qc7 7. Bd3 Bb4 8. O-O
Nc6 9. Nxc6 dxc6 10. Be3 e5 11. h3 Be6 12. Rc1 Bxc3 13. Rxc3 Rd8 14. Qe2 h6 15.
f4 exf4 16. Bxf4 Qa5 17. a3 Nh5 18. Bh2 Qg5 19. Qf2 O-O 20. g4 Rxd3 21. Rxd3
Bxc4 22. Rf3 Bxf1 23. Kxf1 Nf6 24. Rf4 Re8 25. h4 Qb5+ 26. Kg2 Nxe4 27. Qc2 Nf6
0-1

[Event "Portugal Open 2020"]
[Site "Lisboa POR"]
[Date "2020.01.26"]
[Round "3.45"]
[White "Cambando, José"]
[Black "Gomes, José Luis"]
[Result "1-0"]
[WhiteElo "2166"]
[BlackElo "1819"]
[WhiteFideId "10100563"]
[BlackFideId "1901710"]
[WhiteTitle "CM"]
[WhiteCountry "ANG"]
[BlackCountry "POR"]
[PlyCount "57"]
[EventDate "2020.??.??"]

1. e4 d5 2. exd5 Nf6 3. Bb5+ Bd7 4. Bxd7+ Nbxd7 5. c4 Nb6 6. d3 g6 7. Nf3 Bg7 8.
O-O O-O 9. Nc3 a6 10. Qb3 Nfd7 11. d4 c6 12. dxc6 bxc6 13. c5 Nc8 14. Qb7 Na7
15. Qxa6 Nb5 16. Qxc6 Nxd4 17. Nxd4 Bxd4 18. Rd1 e5 19. Ne4 Nxc5 20. Bg5 Qa5 21.
Nf6+ Kg7 22. Ng4 h5 23. Bf6+ Kh7 24. Bxe5 Ra6 25. Qd5 Bxe5 26. Nxe5 Qb4 27. a3
Qb6 28. b4 Na4 29. Nd7 1-0

[Event "Portugal Open 2020"]
[Site "Lisboa POR"]
[Date "2020.01.26"]
[Round "3.46"]
[White "Garcia Dorado, Alberto"]
[Black "Elias, Benjamim"]
[Result "1-0"]
[WhiteElo "2152"]
[BlackElo "1807"]
[WhiteFideId "2252244"]
[BlackFideId "1903578"]
[WhiteTitle "CM"]
[WhiteCountry "ESP"]
[BlackCountry "POR"]
[PlyCount "87"]
[EventDate "2020.01.25"]

1. Nf3 Nf6 2. d4 d6 3. c4 Nbd7 4. Nc3 e5 5. g3 Be7 6. Bg2 c6 7. e4 a5 8. O-O Qc7
9. h3 exd4 10. Nxd4 Ne5 11. b3 O-O 12. Be3 Re8 13. Re1 Bf8 14. Qc2 Ned7 15. f4
Nc5 16. Bf2 Na6 17. Rad1 Nd7 18. Qd2 Ndc5 19. a3 g6 20. Qc2 Bg7 21. Ndb5 cxb5
22. Nxb5 Qe7 23. Nxd6 Rf8 24. e5 Be6 25. g4 Qc7 26. Rb1 Bd7 27. b4 Ba4 28. Qe2
axb4 29. axb4 Ne6 30. Bxb7 Nxf4 31. Qf3 Nxh3+ 32. Qxh3 Bxe5 33. Rxe5 Qxd6 34.
Rd5 Qc7 35. Bxa8 Rxa8 36. Qc3 Bc6 37. Rd4 Rc8 38. b5 Qb7 39. Rbd1 Bxb5 40. Rd8+
Be8 41. Qe5 Qc6 42. R1d6 Rxd8 43. Bd4 f6 44. Qxf6 1-0

[Event "Portugal Open 2020"]
[Site "Lisboa POR"]
[Date "2020.01.26"]
[Round "3.47"]
[White "Correia, Mário"]
[Black "Avelino, Camila"]
[Result "1-0"]
[WhiteElo "2133"]
[BlackElo "1802"]
[WhiteFideId "1900927"]
[BlackFideId "1938975"]
[WhiteCountry "POR"]
[BlackCountry "POR"]
[PlyCount "57"]
[EventDate "2020.01.25"]

1. d4 Nf6 2. Nf3 g6 3. c4 Bg7 4. Nc3 O-O 5. Bg5 h6 6. Bh4 d6 7. e3 Nbd7 8. Qc2
c5 9. Be2 a6 10. O-O b6 11. Rfd1 cxd4 12. exd4 Bb7 13. Rac1 Rc8 14. b4 Qc7 15.
Qb3 e5 16. d5 g5 17. Bg3 Nh5 18. Nd2 Nxg3 19. hxg3 f5 20. g4 Kh8 21. gxf5 Rxf5
22. Nde4 Rcf8 23. Bg4 Rf4 24. f3 b5 25. c5 dxc5 26. bxc5 Nxc5 27. Ne2 Bc8 28.
Nxf4 Rxf4 29. Bxc8 1-0

[Event "Portugal Open 2020"]
[Site "Lisboa POR"]
[Date "2020.01.26"]
[Round "3.48"]
[White "Silva, Gonçalo"]
[Black "Terwagne, Bertrand"]
[Result "1/2-1/2"]
[WhiteElo "2133"]
[BlackElo "1796"]
[WhiteFideId "1915100"]
[BlackFideId "243078"]
[WhiteCountry "POR"]
[BlackCountry "BEL"]
[PlyCount "100"]
[EventDate "2020.01.25"]

1. e4 e5 2. Nf3 Nc6 3. Bc4 Bc5 4. O-O Nf6 5. d3 O-O 6. Bg5 Be7 7. Nc3 d6 8. h3
Be6 9. Bb3 Nd7 10. Qd2 Bxb3 11. Bxe7 Nxe7 12. axb3 f5 13. d4 fxe4 14. Nxe4 Ng6
15. dxe5 Rxf3 16. exd6 Rf5 17. Rfd1 Nf6 18. Qb4 Nxe4 19. Qxe4 Rf7 20. Qxb7 cxd6
21. Qd5 Nf4 22. Qf3 Rc8 23. c3 Qb6 24. Qe3 Qb7 25. f3 Qxb3 26. Rd2 Ng6 27. Rxa7
Rxa7 28. Qxa7 Qe6 29. Qd4 Rb8 30. b4 Rc8 31. b5 Qe1+ 32. Kh2 Qe5+ 33. Kg1 Qe1+
34. Kh2 Qe5+ 35. Qxe5 Nxe5 36. Rxd6 Rxc3 37. b6 Rb3 38. f4 Ng6 39. f5 Nf8 40. g4
Kf7 41. Rc6 Ke7 42. g5 Nd7 43. b7 Rxb7 44. Kg3 Rb4 45. h4 Rg4+ 46. Kh3 Rf4 47.
Re6+ Kf7 48. Rd6 Ke7 49. Re6+ Kf7 50. Rd6 Ke7 1/2-1/2

[Event "Portugal Open 2020"]
[Site "Lisboa POR"]
[Date "2020.01.26"]
[Round "3.49"]
[White "Curado, Manuel"]
[Black "Pires, Emanuel"]
[Result "0-1"]
[WhiteElo "1797"]
[BlackElo "2112"]
[WhiteFideId "1905112"]
[BlackFideId "1914715"]
[WhiteCountry "POR"]
[BlackCountry "POR"]
[PlyCount "50"]
[EventDate "2020.01.25"]

1. d4 d5 2. Nf3 Nc6 3. c4 Bg4 4. e3 e5 5. h3 Bxf3 6. gxf3 Nf6 7. Nc3 Bb4 8. a3
Bxc3+ 9. bxc3 O-O 10. cxd5 Qxd5 11. c4 Qd6 12. d5 Ne7 13. e4 Nd7 14. Qc2 f5 15.
Be3 fxe4 16. fxe4 b6 17. Be2 Ng6 18. c5 Nxc5 19. Bxc5 bxc5 20. Rg1 Nf4 21. Bg4
Kh8 22. Rg3 c6 23. Rc1 cxd5 24. Qxc5 Qa6 25. Qe7 Nd3+ 0-1

[Event "Portugal Open 2020"]
[Site "Lisboa POR"]
[Date "2020.01.26"]
[Round "3.50"]
[White "Ferreira, Hugo"]
[Black "Zilles, Paul"]
[Result "1-0"]
[WhiteElo "2109"]
[BlackElo "1761"]
[WhiteFideId "1915940"]
[BlackFideId "205990"]
[WhiteCountry "POR"]
[BlackCountry "BEL"]
[PlyCount "77"]
[EventDate "2020.01.25"]

1. d4 d5 2. Bf4 Nf6 3. e3 e6 4. c4 Bd6 5. Bg5 Be7 6. Nc3 Nbd7 7. Nf3 O-O 8. Bd3
c5 9. O-O b6 10. e4 dxc4 11. Bxc4 cxd4 12. Qxd4 h6 13. Bh4 Bb7 14. e5 Nh7 15.
Bxe7 Qxe7 16. Ne4 Bxe4 17. Qxe4 Nc5 18. Qe3 Rfd8 19. Nd4 Rac8 20. Bb5 Qb7 21. b4
Ne4 22. Rac1 Qd5 23. Nc6 Qxb5 24. Ne7+ Kf8 25. Rxc8 Rxc8 26. Nxc8 f5 27. exf6
Nhxf6 28. Nxa7 Qxb4 29. Nc6 Qb5 30. Nd4 Qd5 31. Nf3 Qxa2 32. Qxb6 Kg8 33. Nd4
Kf7 34. h3 Nd2 35. Re1 Nfe4 36. Qc7+ Kg6 37. Qf4 Qb2 38. Nxe6 Qb4 39. Nf8+ 1-0

[Event "Portugal Open 2020"]
[Site "Lisboa POR"]
[Date "2020.01.26"]
[Round "3.51"]
[White "Fernandes, Ricardo Paulos"]
[Black "Gonçalves, Samuel"]
[Result "1-0"]
[WhiteElo "2100"]
[BlackElo "1758"]
[WhiteFideId "1943464"]
[BlackFideId "1945130"]
[WhiteCountry "POR"]
[BlackCountry "POR"]
[PlyCount "61"]
[EventDate "2020.01.25"]

1. Nf3 Nf6 2. b3 b6 3. Bb2 Bb7 4. e3 e6 5. d4 Be7 6. Be2 d6 7. Nbd2 c5 8. O-O
O-O 9. c4 Qc7 10. Re1 Re8 11. Bd3 Nc6 12. a3 Rad8 13. Qc2 Rd7 14. Rad1 h6 15.
Nf1 Qb8 16. d5 Nd8 17. e4 Nh5 18. Ne3 Bf6 19. Bc1 Bd4 20. Bf1 e5 21. Nf5 Bc8 22.
Qe2 Nf6 23. N3h4 Bc3 24. Qf3 Bxe1 25. Qg3 Ne6 26. dxe6 fxe6 27. Nxh6+ Kh8 28.
Rxe1 Bb7 29. Ng4 d5 30. Ng6+ Kg8 31. N4xe5 1-0